MODEL PAPER FOR AYURVEDIC COMPETITIVE EXAMINATIONS (Record no. 7874)

MARC details
000 -LEADER
fixed length control field 00334nam a2200121Ia 4500
082 ## - DEWEY DECIMAL CLASSIFICATION NUMBER
Classification number 615.53
Item number M 13 R
100 ## - MAIN ENTRY--PERSONAL NAME
Personal name RAO,G. PRABHAKARA
245 ## - TITLE STATEMENT
Title MODEL PAPER FOR AYURVEDIC COMPETITIVE EXAMINATIONS
260 ## - PUBLICATION, DISTRIBUTION, ETC. (IMPRINT)
Name of publisher, distributor, etc CHAUKHAMBHA PUB. NEW DELHI
Year of Publication 2013
300 ## - PAGE DESCRIPTION
No. of Pages 572
942 ## - ADDED ENTRY ELEMENTS (KOHA)
Source of classification or shelving scheme Dewey Decimal Classification
Koha item type Books
942 ## - ADDED ENTRY ELEMENTS (KOHA)
-- 1
Holdings
Withdrawn status Lost status Source of classification or shelving scheme Damaged status Not for loan Collection code Home library Current library Date acquired Vendor Name Cost, normal purchase price SGTU Bill Number Total Checkouts Full call number Accession No. (Barcode) Date last seen Bill Date Koha item type Date last borrowed Use restrictions Shelving location
    Dewey Decimal Classification     AYURVEDA SGT FA-FP Library SGT FA-FP Library 14/09/2015 CHAUKHAMBHA PUB. NEW DELHI 300.00 SGTU CP/B/788   615.53 M 13 R FA1686 10/02/2020 28/01/2015 Books      
    Dewey Decimal Classification     AYURVEDA SGT FA-FP Library SGT FA-FP Library 14/09/2015 CHAUKHAMBHA PUB. NEW DELHI 300.00 SGTU CP/B/788 2 615.53 M 13 R FA1687 15/01/2021 28/01/2015 Books 11/01/2021    
    Dewey Decimal Classification     AYURVEDA SGT FA-FP Library SGT FA-FP Library 14/09/2015 CHAUKHAMBHA PUB. NEW DELHI 300.00 SGTU CP/B/788 1 615.53 M 13 R FA1688 02/08/2023 28/01/2015 Books 02/08/2023    
    Dewey Decimal Classification     AYURVEDA SGT FA-FP Library SGT FA-FP Library 14/09/2015 CHAUKHAMBHA PUB. NEW DELHI 300.00 SGTU CP/B/788 2 615.53 M 13 R FA1689 16/09/2017 28/01/2015 Books 16/09/2017 Restricted Access Reference Book
    Dewey Decimal Classification     AYURVEDA SGT FA-FP Library SGT FA-FP Library 14/09/2015 CHAUKHAMBHA PUB. NEW DELHI 300.00 SGTU CP/B/788 3 615.53 M 13 R FA1690 12/09/2020 28/01/2015 Books 22/02/2020